Culture Générale - Série 1185 - Statistiques

Statistiques générales
  • Ce quiz a été pris 80 fois
  • Le résultat moyen est 6 sur 10
Statistiques - réponses
Question Réponse % Correct
Dans le système A.B.O., quelle lettre désigne le groupe sanguin des donneurs universels ? O
97%
De quelle graine le moka est-il une variété ? café
96%
Quel sigle désignait l'État communiste soviétique fondé en 1922, regroupant 15 Républiques et dissous en décembre 1991 ? URSS
91%
Quelle purée à base d'avocat, de tomate, d'oignon et de piment, est typique de la cuisine mexicaine ? guacamole
86%
Quel mot désigne à la fois un bâtonnet de pomme de terre frit et un coup sur les fesses donné du revers de la main ? frite
84%
De quel pays la ville de Manille est-elle la capitale ? Philippines
84%
De 2000 à 2006, dans quel club de football anglais Robert Pirès a-t-il joué ? Arsenal
45%
De quelle nationalité était le navigateur Vitus Behring ? Danoise
34%
Quelle nouvelle de Prosper Mérimée écrite en 1840, est le récit d'une vendetta corse ? Colomba
13%
Quel est le nom du héros du “Voyage au bout de la nuit”, de Louis-Ferdinand Céline ? Bardamu
8%
Aucun quiz correspondant
Distribution des résultats
% des personnes avec chaque résultat
Percentile par nombre de réponses
Votre historique - résultats
Vous n’avez pas pris ce quiz